Chemical process principles (Record no. 19036)

000 -LEADER
fixed length control field 00586nam a22002171 4500
001 - CONTROL NUMBER
control field 19036
003 - CONTROL NUMBER IDENTIFIER
control field BD-DhUET
008 - FIXED-LENGTH DATA ELEMENTS--GENERAL INFORMATION
fixed length control field 840614m19549999nyua 000 0 eng
040 ## - CATALOGING SOURCE
Original cataloging agency DLC
Transcribing agency DLC
Modifying agency BD-DhUET
082 00 - DEWEY DECIMAL CLASSIFICATION NUMBER
Classification number 660.284
Item number HOU/1960
100 1# - MAIN ENTRY--PERSONAL NAME
Personal name Hougen, Olaf A.
245 10 - TITLE STATEMENT
Title Chemical process principles
250 ## - EDITION STATEMENT
Edition statement 2nd ed.
260 ## - PUBLICATION, DISTRIBUTION, ETC. (IMPRINT)
Place of publication, distribution, etc. New York
Name of publisher, distributor, etc. John Wiley & Sons
Date of publication, distribution, etc. 1959
300 ## - PHYSICAL DESCRIPTION
Extent xviii, (505-1072)p.
Other physical details illus
Dimensions 24 cm.
500 ## - GENERAL NOTE
General note Part- II, Thermodynamics
650 #0 - SUBJECT ADDED ENTRY--TOPICAL TERM
Topical term or geographic name as entry element Chemical engineering
700 ## - ADDED ENTRY--PERSONAL NAME
Personal name Watson, Kenneth M.
700 ## - ADDED ENTRY--PERSONAL NAME
Personal name Ragatz, Roland A.
942 ## - ADDED ENTRY ELEMENTS (KOHA)
Koha item type General Book
Holdings
Lost status Sublocation or collection (holding branch) Price effective from Koha date last seen Koha item type Damaged status Withdrawn status Source of classification or shelving scheme Koha normalized classification for sorting Date acquired Copy number Location (home branch) Not for loan Koha full call number Piece designation (barcode) Shelving location
 Central Library, BUET2015-04-022015-04-02General Book   660_280000000000000_HOU_19592015-04-021Central Library, BUET 660.28/HOU/195917488Circulation section
 Central Library, BUET2015-05-112015-05-11General Book   660_280000000000000_HOU_19592015-05-112Central Library, BUET 660.28/HOU/195911360Circulation section
 Central Library, BUET2015-05-122015-05-12General Book   660_284000000000000_HOU_19602015-05-123Central Library, BUET 660.284/HOU/19601044Circulation section
 Central Library, BUET2015-05-122015-05-12General Book   660_284000000000000_HOU_19602015-05-124Central Library, BUET 660.284/HOU/1960510Circulation section
 Central Library, BUET2015-05-182015-05-18General Book   660_284000000000000_HOU_19602015-05-185Central Library, BUET 660.284/HOU/1960511Circulation section
 Central Library, BUET2015-05-182015-05-18General Book   660_284000000000000_HOU_19602015-05-186Central Library, BUET 660.284/HOU/19601045Circulation section
 Central Library, BUET2015-06-202015-06-20Reading Item   660_280000000000000_HOU_19692015-06-207Central Library, BUET 660.28/HOU/196911359Reading section